[Event "Sombor open – Memorijal Dragana Milicevi"]
[Site "Sombor"]
[Date "2024.11.22"]
[Round "7.4"]
[White "Zakula, Budimir"]
[Black "Mandaric, Petar"]
[Result "1-0"]
[WhiteElo "1836"]
[BlackElo "1851"]
[PlyCount "99"]
[EventDate "2024.11.08"]

1. e4 e5 2. Nf3 Nc6 3. Bc4 Nf6 4. O-O d5 5. exd5 Nxd5 6. Re1 Bg4 7. h3 Bxf3 8.
Qxf3 Nf6 9. Bb5 Qd6 10. Bxc6+ bxc6 11. d3 Nd7 12. d4 Qd5 13. Qxd5 cxd5 14. dxe5
Bc5 15. c3 O-O 16. Be3 Rfe8 17. Bxc5 Nxc5 18. Re3 Re7 19. Na3 c6 20. Nc2 Ne6
21. g3 c5 22. Rd1 Rd8 23. b4 d4 24. cxd4 Nxd4 25. Nxd4 cxd4 26. Red3 Red7 27.
f4 g6 28. Kf2 Kf8 29. g4 f5 30. exf6 h6 31. h4 Kf7 32. g5 Ke6 33. Kf3 h5 34.
Re1+ Kf7 35. Re5 Rc8 36. f5 gxf5 37. Rxf5 Rc1 38. Rf4 Rc4 39. a3 a6 40. Rf5 Ke6
41. Ke4 Rc3 42. Re5+ Kf7 43. Rxd4 Rxd4+ 44. Kxd4 Rxa3 45. Re7+ Kf8 46. Rh7 Ra4
47. Kc5 a5 48. Rxh5 Rxb4 49. g6 Rg4 50. Rh8# 1-0

[Event "Sombor open – Memorijal Dragana Milicevi"]
[Site "Sombor"]
[Date "2024.11.22"]
[Round "7.6"]
[White "Vujnovic, Igor"]
[Black "Delija, Dragan"]
[Result "1-0"]
[WhiteElo "1840"]
[BlackElo "1885"]
[PlyCount "84"]
[EventDate "2024.11.08"]

1. e4 c6 2. d4 d5 3. exd5 cxd5 4. Bd3 Nf6 5. c3 g6 6. h3 Bg7 7. Nf3 O-O 8. O-O
a6 9. Re1 Nc6 10. Bf4 b5 11. a3 Bb7 12. Nbd2 Na5 13. Nb3 Nxb3 14. Qxb3 Ne4 15.
a4 Nd6 16. axb5 axb5 17. Rxa8 Bxa8 18. Qb4 Bc6 19. Qc5 Qd7 20. Ra1 Rc8 21. Ra7
Bb7 22. Qb4 Qc6 23. Bxd6 exd6 24. Qxb5 Qxb5 25. Bxb5 Rb8 26. Ba4 Bf6 27. Bd7
Bd8 28. Kf1 Kf8 29. Ra3 Ke7 30. Ba4 Ba6+ 31. Kg1 Rxb2 32. Bc6 Bc4 33. Ra7+ Kf6
34. h4 h6 35. g4 g5 36. hxg5+ hxg5 37. Ra8 Be7 38. Rg8 Ke6 39. Nxg5+ Bxg5 40.
Rxg5 Rc2 41. Rh5 Rxc3 42. Rh6+ {NECITKO.} Ke7 1-0

[Event "Sombor open – Memorijal Dragana Milicevi"]
[Site "Sombor"]
[Date "2024.11.22"]
[Round "7.7"]
[White "Stojkovic, Andreja"]
[Black "Sasic, Miodrag"]
[Result "1-0"]
[WhiteElo "1881"]
[BlackElo "1767"]
[PlyCount "32"]
[EventDate "2024.11.08"]

1. c4 c5 2. Nc3 b6 3. Nf3 Bb7 4. e3 e6 5. d4 Nf6 6. Be2 cxd4 7. exd4 Be7 8. O-O
O-O 9. a3 d5 10. cxd5 Nxd5 11. Re1 Nd7 12. Nxd5 Bxd5 13. Be3 Bd6 14. Rc1 f5 15.
Bc4 Nf6 16. Bg5 Bb8 1-0

[Event "Sombor open – Memorijal Dragana Milicevi"]
[Site "Sombor"]
[Date "2024.11.22"]
[Round "7.8"]
[White "Ivosevic, Nikola"]
[Black "Djurosev, Djordje"]
[Result "1/2-1/2"]
[WhiteElo "1937"]
[BlackElo "1647"]
[PlyCount "68"]
[EventDate "2024.11.08"]

1. d4 Nf6 2. Nf3 e6 3. c4 Bb4+ 4. Bd2 Bxd2+ 5. Nbxd2 d5 6. e3 c5 7. Bd3 cxd4 8.
exd4 Nc6 9. O-O Qc7 10. Rc1 O-O 11. Bb1 Qf4 12. Nb3 e5 13. g3 Qh6 14. dxe5 Ng4
15. h4 Ngxe5 16. Ng5 Bg4 17. f3 Be6 18. cxd5 Rad8 19. Rc5 Rd6 20. Qc2 Bxd5 21.
Rd1 Rfd8 22. f4 Nf3+ 23. Nxf3 Bxf3 24. Re1 Rd1 25. Rxd1 Rxd1+ 26. Kf2 Bg4 27.
Rg5 Nb4 28. Qe4 Qb6+ 29. Rc5 g6 30. Qe8+ Kg7 31. Qe5+ Kg8 32. Be4 Na6 33. Qe8+
Kg7 34. Qe5+ Kg8 1/2-1/2

[Event "Sombor open – Memorijal Dragana Milicevi"]
[Site "Sombor"]
[Date "2024.11.25"]
[Round "8.1"]
[White "Knezevic, Janko"]
[Black "Radovic, Perisa"]
[Result "1-0"]
[WhiteElo "1870"]
[BlackElo "1975"]
[PlyCount "51"]
[EventDate "2024.11.08"]

1. e4 d6 2. d4 g6 3. Nf3 Bg7 4. Nc3 Nf6 5. Be2 Nbd7 6. Bg5 c6 7. Qd2 a6 8. Bh6
O-O 9. Bxg7 Kxg7 10. h3 b5 11. e5 Ng8 12. Ne4 d5 13. Ng3 e6 14. h4 h6 15. Nf1
f5 16. Ne3 c5 17. c3 Qe7 18. g4 Kf7 19. gxf5 gxf5 20. Ng2 Ke8 21. Nf4 Rf7 22.
Rg1 Rg7 23. Rxg7 Qxg7 24. Nxe6 Qg2 25. O-O-O Kf7 26. Nf4 1-0

[Event "Sombor open – Memorijal Dragana Milicevi"]
[Site "Sombor"]
[Date "2024.11.25"]
[Round "8.2"]
[White "Novakovic, Aleksandar"]
[Black "Zakula, Budimir"]
[Result "1-0"]
[WhiteElo "1963"]
[BlackElo "1836"]
[PlyCount "123"]
[EventDate "2024.11.08"]

1. e4 e5 2. Nf3 Nc6 3. Bc4 Bc5 4. c3 d6 5. O-O h6 6. b4 Bb6 7. a4 a5 8. b5 Nce7
9. Qb3 Be6 10. Bxe6 fxe6 11. Qxe6 Nf6 12. d4 exd4 13. e5 Qd7 14. Qxd7+ Nxd7 15.
exd6 cxd6 16. Nxd4 Bxd4 17. cxd4 Nb6 18. Nd2 Ned5 19. Ba3 Kd7 20. Ne4 Nc4 21.
Bc1 g5 22. Nd2 Rac8 23. h4 g4 24. Re1 Nb4 25. Re4 h5 26. Nxc4 Rxc4 27. Bg5 Nd5
28. f3 g3 29. Bd2 Rhc8 30. Bxa5 Ra8 31. Be1 Rcxa4 32. Rxa4 Rxa4 33. Bxg3 Nc3
34. Re1 Rxd4 35. Bf2 Rb4 36. b6 Rb1 37. Rxb1 Nxb1 38. g4 Ke6 39. Kg2 Nc3 40.
Kf1 Ke5 41. Bg3+ Ke6 42. Bf2 Ke5 43. Be3 d5 44. Ke1 d4 45. Bg5 Nd5 46. f4+ Ke4
47. gxh5 Kf5 48. h6 Kg6 49. f5+ Kf7 50. Bd8 Nf4 51. Kd2 Kg8 52. Bc7 Nd5 53. Kd3
Ne7 54. Kxd4 Nxf5+ 55. Kd5 Nxh4 56. Be5 Nf5 57. Bg7 Kf7 58. Ke5 Ne7 59. Kd6 Nc6
60. Kc7 Na5 61. Bc3 Nc4 62. h7 1-0

[Event "Sombor open – Memorijal Dragana Milicevi"]
[Site "Sombor"]
[Date "2024.11.25"]
[Round "8.4"]
[White "Travica, Robert"]
[Black "Mandaric, Petar"]
[Result "1-0"]
[WhiteElo "2038"]
[BlackElo "1851"]
[PlyCount "65"]
[EventDate "2024.11.08"]

1. e4 c5 2. Nf3 d6 3. d4 cxd4 4. Nxd4 Nf6 5. Nc3 a6 6. Be2 Nc6 7. Be3 g6 8. f4
Bg7 9. O-O Bd7 10. Nb3 b5 11. Bf3 Rc8 12. Nd5 Nxd5 13. exd5 Na5 14. Nxa5 Qxa5
15. Bd4 Bxd4+ 16. Qxd4 O-O 17. c3 Rc4 18. Qe3 Re8 19. a3 e5 20. dxe6 Rxe6 21.
Qd2 Qb6+ 22. Kh1 Bc6 23. Bxc6 Qxc6 24. f5 gxf5 25. Rxf5 Rg6 26. Raf1 Rg7 27.
Rf6 Rg6 28. Rxf7 Qe8 29. Qd5 Qe6 30. Rf8+ Kg7 31. R1f7+ Kh6 32. Qd2+ Kh5 33.
Rf5+ 1-0

[Event "Sombor open – Memorijal Dragana Milicevi"]
[Site "Sombor"]
[Date "2024.11.25"]
[Round "8.6"]
[White "Vujnovic, Igor"]
[Black "Kelic, Dusan"]
[Result "1-0"]
[WhiteElo "1840"]
[BlackElo "1666"]
[PlyCount "72"]
[EventDate "2024.11.08"]

1. e4 e5 2. Bc4 Nf6 3. d3 Be7 4. Nc3 Nc6 5. f4 d6 6. f5 Na5 7. Nf3 Nxc4 8. dxc4
c6 9. O-O Ng4 10. Qe2 h6 11. h3 Qb6+ 12. Kh1 Nf6 13. g4 Nh7 14. b3 Ng5 15. Kh2
Nxf3+ 16. Qxf3 Bg5 17. Na4 Qa5 18. Rd1 Bxc1 19. Raxc1 Qc7 20. Rd3 O-O 21. Rcd1
Rd8 22. Nc3 b6 23. h4 Qe7 24. Qf2 Bb7 25. Rf1 f6 26. Rfd1 Rd7 27. a4 Rad8 28.
Qg3 d5 29. cxd5 cxd5 30. Nxd5 Bxd5 31. Rxd5 Rxd5 32. Rxd5 Rxd5 33. exd5 Qd6 34.
c4 a5 35. Kh3 Qc5 36. Qd3 Kf7 1-0

[Event "Sombor open – Memorijal Dragana Milicevi"]
[Site "Sombor"]
[Date "2024.11.25"]
[Round "8.7"]
[White "Delija, Dragan"]
[Black "Ivosevic, Nikola"]
[Result "1-0"]
[WhiteElo "1885"]
[BlackElo "1937"]
[PlyCount "133"]
[EventDate "2024.11.08"]

1. d4 Nf6 2. Nf3 d6 3. c4 g6 4. Nc3 Bg7 5. e4 Nbd7 6. h3 O-O 7. Be2 e5 8. d5
Nc5 9. Qc2 a5 10. Be3 b6 11. O-O Nh5 12. Qd2 Bd7 13. Nh2 Qe7 14. Rae1 Nf4 15.
Bxf4 exf4 16. Qxf4 Bxc3 17. bxc3 Qxe4 18. Qh6 Qe5 19. Bg4 Qg7 20. Qxg7+ Kxg7
21. Bxd7 Nxd7 22. Re7 Rfd8 23. Nf3 h6 24. Rfe1 Rac8 25. Nd4 Nc5 26. Ne6+ Nxe6
27. dxe6 Rf8 28. Re3 Kf6 29. exf7 Rxf7 30. R7e6+ Kg7 31. Rg3 Rf6 32. Re7+ Rf7
33. Re6 g5 34. h4 Rf6 35. Re7+ Kg6 36. hxg5 hxg5 37. Rh3 Rf4 38. Reh7 Rxc4 39.
R3h6+ Kf5 40. Rf7+ Ke4 41. Rg7 Rxc3 42. Rxg5 Kd4 43. Rh4+ Kd3 44. Rd5+ Kc2 45.
Rhd4 Kb2 46. g4 Kxa2 47. Rb5 Re8 48. g5 Rb3 49. Ra4+ Kb2 50. Rf5 Rb4 51. Rf4
Rxa4 52. Rxa4 Kb3 53. Ra1 Re4 54. f3 Re5 55. f4 Rf5 56. Rf1 Kc4 57. g6 Rf8 58.
f5 Kd5 59. g7 Rg8 60. f6 Ke6 61. Kh2 Kf7 62. Kh3 a4 63. Kh4 b5 64. Kg5 Re8 65.
Rf5 Re5 66. Rxe5 dxe5 67. Kh6 1-0

[Event "Sombor open – Memorijal Dragana Milicevi"]
[Site "Sombor"]
[Date "2024.11.25"]
[Round "8.8"]
[White "Kokai, Lea"]
[Black "Stefanac, Marko"]
[Result "0-1"]
[WhiteElo "1613"]
[BlackElo "1894"]
[PlyCount "30"]
[EventDate "2024.11.08"]

1. e4 e5 2. Nf3 Nc6 3. Bc4 f5 4. d3 Bc5 5. Ng5 f4 6. Nf7 Qh4 7. O-O Nf6 8. Nxh8
Ng4 9. h3 Nxf2 10. Rxf2 Qxf2+ 11. Kh1 d5 12. Bxd5 g6 13. Nf7 Bxh3 14. gxh3 f3
15. Bxc6+ bxc6 0-1

[Event "Sombor open – Memorijal Dragana Milicevi"]
[Site "Sombor"]
[Date "2024.11.25"]
[Round "8.9"]
[White "Sasic, Miodrag"]
[Black "Kovacic, Borislav Z"]
[Result "1-0"]
[WhiteElo "1767"]
[BlackElo "1659"]
[PlyCount "59"]
[EventDate "2024.11.08"]

1. e4 c5 2. Nf3 Nc6 3. Bc4 e6 4. c3 Qc7 5. d3 Nf6 6. Bg5 Be7 7. O-O O-O 8. Bb3
Ne5 9. h3 h6 10. Bh4 Ng6 11. Bg3 Nf4 12. e5 N6h5 13. Bh2 d5 14. d4 f5 15. Re1
Ng6 16. Nbd2 Nhf4 17. Bc2 Bd7 18. b3 a6 19. c4 Bc6 20. cxd5 Bxd5 21. Rc1 b5 22.
Nf1 Rae8 23. Ne3 Bg5 24. Nxg5 hxg5 25. Nxd5 Nxd5 26. dxc5 Ngf4 27. Bxf4 Rd8 28.
Bd2 Kf7 29. Qe2 Rh8 30. Bxg5 1-0

[Event "Sombor open – Memorijal Dragana Milicevi"]
[Site "Sombor"]
[Date "2024.11.27"]
[Round "9.1"]
[White "Travica, Robert"]
[Black "Knezevic, Janko"]
[Result "0-1"]
[WhiteElo "2038"]
[BlackElo "1870"]
[PlyCount "98"]
[EventDate "2024.11.08"]

1. e4 c5 2. Nf3 d6 3. d4 cxd4 4. Nxd4 Nf6 5. Nc3 a6 6. Be2 e5 7. Nf3 Be7 8. Bg5
Be6 9. Bxf6 Bxf6 10. Nd5 Bxd5 11. Qxd5 Nc6 12. Bc4 Qc7 13. c3 O-O 14. Bb3 Ne7
15. Qd3 Ng6 16. g3 Qb6 17. O-O Rac8 18. Rfd1 Be7 19. Qe2 Kh8 20. h4 Bf6 21. h5
Ne7 22. g4 Ng8 23. g5 Be7 24. Kg2 f5 25. exf5 Rxf5 26. Be6 Rcf8 27. Bxf5 Rxf5
28. Qe4 Rf4 29. Qe3 Qc6 30. Kg3 Qc8 31. Nxe5 dxe5 32. f3 Bxg5 33. Qxe5 h6 34.
Rd6 Nf6 35. Qe6 Nxh5+ 36. Kf2 Qf8 37. Qd5 Rh4 38. Rg1 Nf4 39. Qd1 Nh3+ 40. Kg2
Nxg1 41. Kxg1 Rf4 42. Rd3 Qc5+ 43. Kg2 Bh4 44. Qe2 Bf6 45. Qe8+ Kh7 46. Qd7
Qg5+ 47. Kf2 Rh4 48. Ke2 Rh2+ 49. Kd1 Qg1# 0-1

[Event "Sombor open – Memorijal Dragana Milicevi"]
[Site "Sombor"]
[Date "2024.11.27"]
[Round "9.2"]
[White "Novakovic, Aleksandar"]
[Black "Vujnovic, Igor"]
[Result "1-0"]
[WhiteElo "1963"]
[BlackElo "1840"]
[PlyCount "49"]
[EventDate "2024.11.08"]

1. e4 e6 2. d4 d5 3. Nc3 dxe4 4. Nxe4 Nd7 5. Nf3 Ngf6 6. Bg5 Be7 7. Nxf6+ Nxf6
8. Bd3 h6 9. Bh4 Bd7 10. Ne5 Bc6 11. Nxc6 bxc6 12. c3 Rb8 13. Rb1 Qd5 14. O-O
Qxa2 15. Bxf6 gxf6 16. Qf3 Rb6 17. Ra1 Qd5 18. Be4 Qd6 19. Rxa7 f5 20. Ra8+ Bd8
21. Bd3 Rxb2 22. Re1 Kd7 23. Bxf5 exf5 24. Qxf5+ Qe6 25. Rxe6 1-0

[Event "Sombor open – Memorijal Dragana Milicevi"]
[Site "Sombor"]
[Date "2024.11.27"]
[Round "9.3"]
[White "Pek, Istvan"]
[Black "Kurcubic, Drago"]
[Result "0-1"]
[WhiteElo "1875"]
[BlackElo "2117"]
[PlyCount "68"]
[EventDate "2024.11.08"]

1. Nf3 Nf6 2. d4 e6 3. e3 d5 4. Bd3 Nbd7 5. Nbd2 Bd6 6. O-O c6 7. Re1 Qc7 8. e4
dxe4 9. Nxe4 Nxe4 10. Bxe4 Nf6 11. Bd3 b6 12. Bg5 Bb7 13. Bh4 h6 14. Bg3 Bxg3
15. hxg3 O-O 16. Qe2 Rfd8 17. Rad1 Rac8 18. a3 c5 19. dxc5 Qxc5 20. Qe3 Qxe3
21. Rxe3 Be4 22. Rde1 Bxd3 23. Rxd3 Rxd3 24. cxd3 Rc2 25. Ne5 Rxb2 26. Rc1 Rb3
27. a4 Rb4 28. Rc8+ Kh7 29. Rc7 Rxa4 30. Rxf7 Ra1+ 31. Kh2 a5 32. Rb7 Rb1 33.
Nc4 Ng4+ 34. Kh3 Nxf2+ 0-1

[Event "Sombor open – Memorijal Dragana Milicevi"]
[Site "Sombor"]
[Date "2024.11.27"]
[Round "9.5"]
[White "Stojkovic, Andreja"]
[Black "Beslin, Igor"]
[Result "1-0"]
[WhiteElo "1881"]
[BlackElo "1934"]
[PlyCount "85"]
[EventDate "2024.11.08"]

1. e4 c5 2. Nc3 g6 3. f4 Bg7 4. Bc4 Nc6 5. Nf3 e6 6. O-O Nge7 7. Qe1 O-O 8. d3
d5 9. Bb3 b6 10. Qh4 Bb7 11. f5 exf5 12. Bg5 f6 13. Nxd5 Nxd5 14. Bxd5+ Kh8 15.
Bh6 fxe4 16. Bxe4 Qd7 17. Rae1 Rae8 18. Bxg7+ Kxg7 19. g4 Nb4 20. Bxb7 Qxb7 21.
Qf2 Rxe1 22. Nxe1 Nxa2 23. c3 Qd5 24. Qe3 b5 25. Rf4 b4 26. c4 Qd6 27. Re4 Rf7
28. Nf3 h6 29. d4 cxd4 30. Nxd4 Qb8 31. c5 a5 32. Re7 Qc8 33. Qe6 Qxe6 34.
Nxe6+ Kg8 35. Re8+ Kh7 36. Nf8+ Kg7 37. Ne6+ Kh7 38. c6 b3 39. c7 Rxc7 40. Nxc7
Nb4 41. Re7+ Kg8 42. Re8+ Kf7 43. Ra8 1-0

[Event "Sombor open – Memorijal Dragana Milicevi"]
[Site "Sombor"]
[Date "2024.11.27"]
[Round "9.7"]
[White "Mandaric, Petar"]
[Black "Djurosev, Djordje"]
[Result "1-0"]
[WhiteElo "1851"]
[BlackElo "1647"]
[PlyCount "57"]
[EventDate "2024.11.08"]

1. e4 e5 2. Bc4 Nc6 3. c3 Nf6 4. d3 Bc5 5. b4 Bb6 6. Nf3 d6 7. h3 h6 8. O-O O-O
9. Be3 Bxe3 10. fxe3 Be6 11. Bb5 Qd7 12. Qe2 a6 13. Ba4 b5 14. Bc2 Rad8 15. a4
Ne7 16. Nbd2 c6 17. d4 exd4 18. exd4 Ng6 19. e5 dxe5 20. Bxg6 fxg6 21. Nxe5 Qe8
22. axb5 axb5 23. Qd3 Kh7 24. Ra7 Bf5 25. Qf3 Nd5 26. Qg3 Nf6 27. Rxf5 Nh5 28.
Rxh5 g5 29. Qxg5 1-0

[Event "Sombor open – Memorijal Dragana Milicevi"]
[Site "Sombor"]
[Date "2024.11.27"]
[Round "9.9"]
[White "Kovacic, Borislav Z"]
[Black "Loncar, Jovan"]
[Result "0-1"]
[WhiteElo "1659"]
[BlackElo "1524"]
[PlyCount "98"]
[EventDate "2024.11.08"]

1. e4 d6 2. Nf3 Nf6 3. Nc3 g6 4. Bc4 Bg7 5. O-O e5 6. d3 c6 7. Bg5 Nbd7 8. a3
O-O 9. b4 b5 10. Bb3 Bb7 11. Ne2 Qc7 12. Qd2 d5 13. Rac1 Nb6 14. Nc3 Rad8 15.
Rfe1 d4 16. Ne2 c5 17. c4 bxc4 18. bxc5 cxb3 19. cxb6 Qxb6 20. Nxe5 Rfe8 21.
Nc4 Qb5 22. e5 Qc6 23. Nf4 h6 24. Nd6 Qb6 25. Nxe8 Rxe8 26. exf6 Rxe1+ 27. Rxe1
hxg5 28. Re8+ Kh7 29. fxg7 Kxg7 30. Nh5+ Kh7 31. Qxg5 gxh5 32. Qg8+ Kh6 33. h4
b2 34. Qg5+ Kh7 35. Qxh5+ Kg7 36. Qh8+ Kg6 37. Rg8+ Kf5 38. Qh7+ Ke5 39. Rg5+
Ke6 40. Qh6+ f6 41. Qh7 b1=Q+ 42. Kh2 fxg5 43. Qg8+ Kd7 44. Qf7+ Kc6 45. Qe6+
Kb5 46. Qc4+ Ka5 47. hxg5 Qd6+ 48. Kh3 Qh1+ 49. Kg4 Qxg2+ 0-1

[Event "Sombor open – Memorijal Dragana Milicevi"]
[Site "Sombor"]
[Date "2024.11.27"]
[Round "9.10"]
[White "Kokai, Lea"]
[Black "Basaric, Ana"]
[Result "0-1"]
[WhiteElo "1613"]
[BlackElo "1548"]
[PlyCount "126"]
[EventDate "2024.11.08"]

1. e4 c5 2. d4 cxd4 3. c3 d3 4. Bxd3 Nc6 5. Nf3 g6 6. h3 Bg7 7. O-O Nf6 8. Be3
O-O 9. c4 e6 10. Nc3 d5 11. e5 Ne8 12. Bf4 Nc7 13. Re1 b6 14. Qd2 dxc4 15. Bxc4
Qxd2 16. Bxd2 Bb7 17. Bg5 Rac8 18. Rad1 a6 19. a4 a5 20. Nb5 Nxb5 21. Bxb5 Nb4
22. Rd7 Bxf3 23. gxf3 Rc5 24. Bf6 Bxf6 25. exf6 Rf5 26. Rb7 Rxf6 27. Rxb6 Rxf3
28. Kg2 Rb3 29. Re2 Nd5 30. Ra6 Nf4+ 31. Kf1 Nxe2 32. Kxe2 Rxb2+ 33. Ke1 Rc8
34. Be2 Rc1+ 35. Bd1 Rbb1 36. Ra8+ Kg7 37. Rd8 e5 38. Rd2 e4 39. Ke2 f5 40.
Rd7+ Kf6 41. Rd6+ Ke5 42. Rd2 f4 43. h4 f3+ 44. Ke1 Kf4 45. Rd5 Rb2 46. Kf1 Rb3
47. Ke1 Rd3 48. Rxd3 exd3 49. Kd2 Ra1 50. Bb3 Rf1 51. Kxd3 Rxf2 52. Kc4 Rg2 53.
Kb5 f2 54. Bc4 Rg1 55. Kxa5 f1=Q 56. Bxf1 Rxf1 57. Kb6 Ra1 58. a5 g5 59. hxg5
Kxg5 60. a6 h5 61. a7 h4 62. Kb7 Rxa7+ 63. Kxa7 h3 0-1